Dragon Ball 155 Personnages sans Indices - Statistiques

Statistiques générales
  • Ce quiz a été pris 124 fois
  • Le résultat moyen est 61 sur 155
Statistiques - réponses
Numéro Personnage % Correct
1 Son Gokû
100%
2 Bulma
97%
9 Chichi
91%
69 Vegeta
91%
66 Son Gohan
87%
137 Yam / Yamu
87%
10 Kuririn / Krilin
86%
62 Piccolo
85%
128 Boo / Buu (Gros Boo)
84%
95 Trunks
84%
101 Cell
83%
75 Freezer / Frieza
82%
3 Kame Sennin / Tortue Géniale
82%
114 Son Goten
81%
6 Yamcha
81%
99 C-17
80%
98 C-18
79%
68 Nappa
78%
67 Raditz
77%
100 C-16
76%
4 Umigame / Tortue de Mer
73%
96 C-20 / Dr. Gero
72%
103 Hercule / Mr. Satan
72%
5 Oolong
71%
97 C-19
69%
65 Shen
69%
33 Tao Pai Pai
68%
115 Videl
67%
72 Kaiô du Nord
65%
48 Ten Shin Han
65%
49 Chaozu
64%
77 Dodoria
62%
78 Ginyû
62%
12 Pilaf
62%
132 Babidi
61%
133 Dâbra / Dabla
61%
87 Dende
61%
76 Zâbon / Zarbon
60%
7 Puerh / Plume
59%
13 Maï
58%
64 Mr. Popo
58%
82 Ghourd / Guldo
57%
80 Butta / Burter
56%
11 Lunch
56%
16 Shenron
56%
60 Yajirobé
56%
92 Bardack / Bardock / Baddack
55%
79 Jeese / Jeice
55%
81 Reacum / Recoome
55%
138 Vegetto / Vegeku
55%
30 Général Blue
54%
125 Kaiô Shin de l'Est
53%
41 Karin
52%
28 C-8
51%
22 Général Red
51%
83 Kiwi
51%
23 Colonel Black
50%
93 Grand Roi Cold
50%
155 Oob / Uub
50%
63 Kami-sama / Tout-Puissant
49%
86 Nail
49%
148 Pan
49%
141 Béé
47%
42 Uranai Baba / Baba la Voyante
47%
139 Gotenks / Gotrunks
46%
55 Piccolo Daimaô / Satan Petit-Cœur
43%
143 Bibidi
42%
71 Grand Roi Enma
42%
149 Bra
41%
18 Bacterian / Bactérie
40%
19 Nam
40%
126 Kibito
38%
134 Pui Pui
38%
57 Tambourine
38%
8 Gyûmaô
37%
14 Shû
37%
136 Spopovitch / Sporovitch
37%
102 Cell Jr.
35%
35 Dr. Brief
35%
131 Kid Boo
35%
135 Yakon / Yako
35%
38 Aralé Norimaki
34%
91 Roi Vegeta
31%
40 Upa
31%
90 Polunga
30%
84 Apple
29%
24 Colonel Silver
29%
45 Mîra / Momie
29%
50 Tsuru Sennin / Maître des Grues
29%
118 Marron
28%
111 Kaiô du Sud
27%
110 Kaiô de l'Est
26%
109 Kaiô de l'Ouest
26%
130 Super Boo
26%
58 Cymbal
25%
20 Lanfan / Ranfan
25%
17 Arbitre du Tenka Ichi Budôkai
24%
25 Général White
24%
31 Capitaine Yellow
23%
59 Drum
23%
112 Paikûhan / Paulkouane
23%
94 Trunks du Futur
23%
73 Bubbles
22%
32 Colonel Violet
22%
108 Dai Kaiô / Grand Kaiô
22%
51 Roi Chappa
22%
27 Ninja Murasaki
21%
127 Vieux Kaiô Shin
20%
140 Kibitoshin
19%
70 Saibaimen
19%
74 Gregory
18%
21 Guilan
18%
56 Piano
18%
85 Saichôrô / Grand Doyen Guru
18%
44 Suke / Homme Invisible
18%
145 Kaiô Shin de l'Ouest
17%
146 Kaiô Shin du Sud
17%
26 Sergent Metallic
17%
39 Bora
16%
43 Draculaman
16%
144 Kaiô Shin du Nord
16%
61 Mutaito
16%
53 Pamputt
15%
34 Snow / Suno
15%
15 Toninjinka / To le Carotteur
15%
129 Evil Boo
14%
36 Bikini
13%
46 Ackman
12%
29 Boing
12%
47 Grand-Père Son Gohan
12%
116 Erasa
11%
52 Otoko Ôkami / Homme-Garou
11%
147 Dai Kaio Shin / Grand Kaiô Shin
10%
124 Mighty Mask
10%
89 Mûri
9%
54 Kokuô / Roi de la Terre
8%
88 Cargot
7%
117 Sharpner
6%
120 Ikôse
5%
122 Killer / Killa
5%
121 Puntar / Punta
5%
152 Captain Chicken
4%
105 Carony / Macaroni
4%
119 Idâsa
4%
123 Jewel
4%
113 Olivu / Olibu
4%
37 Tama
4%
154 Knock
3%
150 Mo Kekko / Tigre
3%
104 Pizza
3%
153 Otokosky / Otokosuki
2%
106 Piroshki / Tortellini
2%
107 Jimmy Firecracker
1%
151 Killerno
1%
142 Van Zant
1%
Aucun quiz correspondant
Distribution des résultats
% des personnes avec chaque résultat
Percentile par nombre de réponses
Votre historique - résultats
Vous n’avez pas pris ce quiz